000 00891nam a2200241Ia 4500
003 GCL
008 140319s9999 xx 000 0 ara d
020 _a8075376977
040 _aGCL /
_cGCL
082 0 4 _a275.26
_bز ت
100 1 _aزينب عبدالعزيز
245 1 0 _aتنصير العالم :
_bمناقشة لخطاب البابا يوحنا بولس الثانى (روعة الحقيقة) /
_cزينب عبدالعزيز
250 _aالاولى
260 _aالقاهرة :
_bدار الكتاب العربى ،
_c2004
300 _a192 ص ؛
_c24 سم
490 _aصليبية الغرب وحضارته
_v5
650 0 4 _aالخطب الدينية
650 0 4 _aالخطابة الدينية
650 0 4 _aالاسلام والغرب
650 0 4 _aالخطب الدينية المسيحية
650 0 4 _aيوحنا بولس الثانى
942 _2ddc
_cBK
999 _c44660
_d44660